000 00325nam a22001337a 4500
020 _qHP.
040 _cFizza Ishaq
082 _a624.10
_bMES
100 _aSchedule, Mes.
_9129890
245 _aMillitary Engineer Services Pakistan /
_cSchedule MES.
260 _aPakistan :
_c2021.
300 _a414 P. ;
942 _2ddc
_cBK
999 _c614396
_d614396